| 000 | 00505cam a2200193 a 4500 | ||
|---|---|---|---|
| 001 | 000019043 | ||
| 005 | 20200929165917.0 | ||
| 008 | 750225s1967 it 000 0 ita d | ||
| 040 |
_aDO-SdBNP _bita _cLC _dBNPHU |
||
| 042 | _apremarc | ||
| 050 | 0 | 0 |
_aPQ4809.A45 _bT5 |
| 082 |
_ann* _bnn* |
||
| 100 | 1 |
_aCalvino, Italo. _939826 |
|
| 245 | 1 | 0 |
_aTi con zero / _cItalo Calvino. |
| 260 |
_aTorino : _bEinaudi, _c1967. |
||
| 300 |
_a164 p. ; _c22 cm. |
||
| 910 | _aCatalogación derivada / LC | ||
| 049 | _aBNGR | ||
| 999 |
_c18561 _d18561 |
||